000 00849nam a2200217Ia 4500
003 GCL
008 140319s9999 xx 000 0 ara d
040 _aGCL /
_cGCL
082 0 4 _a335.43
_bا ى
100 1 _aاحمد نبيل الهلالى
245 1 0 _aاليسار المصرى وتحولات الدول الاشتراكية :ابحاث ومناقشات الندوة التى عقدت بالقاهرة /
_cاحمد نبيل الهلالى
260 _aالقاهرة :
_bمركز البحوث العربية ،
_c1991
300 _a350 ص ؛
_c24 سم
490 _aالهيئة العامة للاستعلامات
_v0
650 0 4 _aالماركسية
650 0 4 _aالاشتراكية
650 0 4 _aالنظم السياسية
650 0 4 _aالراسمالية
650 0 4 _aالاشتراكية العلمية
942 _2ddc
_cBK
999 _c47986
_d47986